[Event "AUTO-ELITE-2142"]
[Site "http://www.queenalice.com/game.php?id=1579777"]
[Date "2019.8.8"]
[Round "1"]
[White "BEBADO"]
[Black "luisclaumann"]
[Result "0-1"]
[WhiteElo "2253"]
[BlackElo "2361"]

1. e4 d5 2. exd5 c6 3. d4 cxd5 4. c4 Nf6 5. Nc3 e6 6. Nf3 Nc6 7. c5 Be7 8. Bd3
O-O 9. O-O b6 10. Na4 Qc7 11. Re1 bxc5 12. dxc5 Rb8 13. a3 e5 14. Bf1 Rd8 15. b4
e4 16. Ng5 Ng4 17. g3 Nge5 0-1

[Event "AUTO-ELITE-2142"]
[Site "http://www.queenalice.com/game.php?id=1579778"]
[Date "2019.8.8"]
[Round "1"]
[White "luisclaumann"]
[Black "BEBADO"]
[Result "1-0"]
[WhiteElo "2348"]
[BlackElo "2254"]

1. e4 c5 2. Nf3 e6 3. c3 Nf6 4. e5 Nd5 5. Bc4 Nb6 6. Be2 Nc6 7. d4 cxd4 8. cxd4
d6 9. O-O dxe5 10. dxe5 Qxd1 11. Rxd1 Nb4 12. Nc3 Be7 13. Be3 N4d5 14. Bb5+ Kf8
15. Nxd5 Nxd5 16. Rac1 f5 17. Bc5 Kf7 18. Bxe7 Kxe7 19. Rxd5 exd5 20. Rc7+ Ke6
21. Rxg7 d4 22. Bc4# 1-0

[Event "AUTO-ELITE-2147"]
[Site "http://www.queenalice.com/game.php?id=1581392"]
[Date "2019.8.25"]
[Round "1"]
[White "cerenzo72"]
[Black "luisclaumann"]
[Result "0-1"]
[WhiteElo "2147"]
[BlackElo "2326"]

1. c4 Nf6 2. d4 e6 3. Nf3 d5 4. e3 Be7 5. cxd5 exd5 6. a3 O-O 7. Nc3 Bf5 8. h3
Nbd7 9. Bd3 Bxd3 10. Qxd3 c6 11. O-O Re8 12. e4 dxe4 13. Nxe4 Nxe4 14. Qxe4 Bxa3
15. Qf5 Bf8 16. Ng5 Nf6 17. Be3 Qd5 18. Rad1 Qxf5 0-1

[Event "AUTO-ELITE-2147"]
[Site "http://www.queenalice.com/game.php?id=1581393"]
[Date "2019.8.25"]
[Round "1"]
[White "luisclaumann"]
[Black "cerenzo72"]
[Result "1-0"]
[WhiteElo "2357"]
[BlackElo "2087"]

1. e4 c5 2. Nf3 Nc6 3. Bb5 a6 4. Bxc6 dxc6 5. O-O g6 6. d3 Bg7 7. h3 e5 8. Be3
Qe7 9. Nbd2 Nf6 10. a4 O-O 11. Nc4 Nd7 12. a5 Rb8 13. Nfd2 Re8 14. f4 exf4 15.
Bxf4 Ne5 16. Nxe5 Bxe5 17. Qf3 Bxf4 18. Qxf4 Be6 19. e5 Rbd8 20. Ne4 Rf8 21. Qh6
f6 22. exf6 Rxf6 23. Nxf6+ Kh8 24. Rae1 Rd6 25. Nxh7 Qxh7 26. Rf8+ Bg8 27. Rxg8+
1-0

[Event "AUTO-ELITE-2147"]
[Site "http://www.queenalice.com/game.php?id=1581400"]
[Date "2019.8.25"]
[Round "1"]
[White "luisclaumann"]
[Black "ArmandoFerreira"]
[Result "1/2-1/2"]
[WhiteElo "2388"]
[BlackElo "2797"]

1. e4 c5 2. Nf3 e6 3. c3 Nc6 4. d4 d5 5. exd5 exd5 6. Bd3 c4 7. Bc2 Bd6 8. b3 b5
9. a4 b4 10. bxc4 Qe7+ 11. Be3 dxc4 12. Nbd2 bxc3 13. Nxc4 Ba6 14. Bb3 Nf6 15.
O-O O-O 16. Re1 Bxc4 17. Bxc4 Qc7 18. Qd3 Rac8 19. Rec1 Bb4 20. Bb3 Na5 21. Ba2
Ba3 22. Bxf7+ Qxf7 23. Rxa3 Nd5 24. h3 Qf5 25. Raxc3 Nxc3 26. Rxc3 Qxd3 27. Rxd3
Nc4 28. d5 Rfd8 29. Bf4 h6 30. d6 Nb2 31. Ra3 Rc5 32. Re3 Nxa4 33. Re7 Nb6 34.
Rxa7 Rd5 35. g3 Nc8 36. Rc7 Nxd6 37. Kg2 Ne4 38. Ra7 Rf8 39. Be3 Nf6 40. Bd4 Nd7
41. Ra4 Kh7 42. h4 Re8 43. Ra7 Re4 44. Bc3 Rc4 45. Bb2 Rb4 46. Ba1 Rbb5 47. Bc3
Rbc5 48. Bd4 Ra5 49. Rb7 Ra6 50. Bc3 Rc6 51. Bd4 Re6 52. Ra7 Re4 53. Ba1 Rc4 54.
Bb2 Rb4 55. Ba1 Rbb5 56. Bc3 Rbc5 57. Bd4 Rc8 58. Ra4 Rf8 59. Be3 Re8 60. g4 Rd6
61. h5 Nf6 62. Nh4 Rd5 63. Kf3 Rb5 64. Nf5 Ree5 65. Ra7 Rxf5+ 66. gxf5 Rxf5+ 67.
Kg2 Nxh5 68. Bd4 Nf4+ 69. Kf1 Ne6 70. Ba1 Rg5 71. Re7 Nf4 72. Bf6 Rg4 73. f3 Rg3
74. Kf2 Rg6 75. Bd4 Nd3+ 76. Kf1 Nf4 77. Kf2 Rg2+ 78. Kf1 Rg5 79. Bf6 Rg6 80.
Bd4 Kg8 81. Ra7 Nh5 82. Kf2 Kh7 83. Be5 Rb6 84. Bd4 Rb5 85. Bc3 Rf5 86. Bb2 Rc5
87. Bd4 Rd5 88. Bc3 Kg6 89. Ra6+ Kg5 90. Ra2 Nf6 91. Ra7 Kg6 92. Ra6 Rd3 93. Ba1
Rd5 94. Bxf6 1/2-1/2

[Event "AUTO-ELITE-2147"]
[Site "http://www.queenalice.com/game.php?id=1581401"]
[Date "2019.8.25"]
[Round "1"]
[White "ArmandoFerreira"]
[Black "luisclaumann"]
[Result "1-0"]
[WhiteElo "2737"]
[BlackElo "2378"]

1. d4 Nf6 2. c4 e6 3. Nf3 d5 4. Nc3 Be7 5. Bf4 O-O 6. e3 Nbd7 7. c5 c6 8. Bd3 b6
9. b4 a5 10. a3 Ba6 11. O-O Qc8 12. h3 Qb7 13. Qc2 axb4 14. axb4 Bxd3 15. Qxd3
Rxa1 16. Rxa1 Ra8 17. Qb1 h6 18. Rxa8+ Qxa8 19. Qa2 Qxa2 20. Nxa2 b5 21. Nd2 Ne4
22. Nb3 Bh4 23. g3 Bd8 24. f3 g5 25. fxe4 gxf4 26. exd5 exd5 27. exf4 Kg7 28.
Nac1 Kg6 29. Kf2 f6 30. Nd3 Bc7 31. Na5 Nb8 32. Kf3 h5 33. Nb7 f5 34. Nd6 Bxd6
35. cxd6 Kf7 36. Nc5 Ke8 37. g4 hxg4+ 38. hxg4 Nd7 39. gxf5 Nf6 40. Kg3 Kf8 41.
Kh4 1-0

[Event "Brown Sugar"]
[Site "http://www.queenalice.com/game.php?id=1583592"]
[Date "2019.9.23"]
[Round "-"]
[White "luisclaumann"]
[Black "E5150"]
[Result "1/2-1/2"]
[WhiteElo "2386"]
[BlackElo "2469"]

1. Nf3 d5 2. d4 Nf6 3. Bf4 Bf5 4. e3 e6 5. Nbd2 Bd6 6. Bxd6 Qxd6 7. c4 Nbd7 8.
Be2 O-O 9. c5 Qe7 10. O-O e5 11. h3 Ne4 12. Rc1 Nxd2 13. Qxd2 e4 14. Ne1 Nf6 15.
Nc2 a5 16. b4 axb4 17. Qxb4 Ra7 18. a4 Bd7 19. a5 Qe6 20. Ra1 Rfa8 21. Rfb1 Bc6
22. Qc3 Qe8 23. Nb4 Bd7 24. c6 Bxc6 25. Nxc6 Qxc6 26. Qxc6 bxc6 27. a6 Nd7 28.
Rc1 Nb8 29. Rc2 g6 30. g4 g5 31. Kg2 h6 32. f3 exf3+ 33. Kxf3 f6 34. h4 gxh4 35.
Kg2 Rb7 36. Ra3 Kf7 37. Kh3 Rb6 38. Bd3 Nd7 39. Bf5 Ke7 40. a7 Rb7 41. Bxd7 Kxd7
42. Rca2 Kd6 43. Kxh4 c5 44. dxc5+ Kxc5 45. Ra6 Kb5 46. R6a5+ Kc6 47. Rf2 Rb6
48. Rxf6+ Kb7 49. Rf7 Re6 50. Rxd5 Rxa7 51. Rc5 Kb8 52. Rh7 c6 53. Rh8+ Kc7 54.
Rh5 Ra2 55. R8xh6 Rxe3 1/2-1/2

[Event "AUTO-OPEN-4096"]
[Site "http://www.queenalice.com/game.php?id=1584479"]
[Date "2019.9.24"]
[Round "1"]
[White "askasl159"]
[Black "luisclaumann"]
[Result "0-1"]
[WhiteElo "1922"]
[BlackElo "2383"]

1. e4 c5 2. d4 cxd4 3. Qxd4 Nc6 4. Qd3 Nf6 5. Nf3 d5 6. exd5 Qxd5 7. Qxd5 Nxd5
8. Bc4 Ndb4 9. Bd3 Nxd3+ 10. cxd3 Bf5 11. d4 Nb4 12. a3 Nc2+ 13. Ke2 Nxa1 14.
Bf4 Rc8 15. Nc3 Nb3 16. h3 e6 17. g4 Bg6 18. Ne5 Nxd4+ 19. Ke3 Bc2 20. Kxd4 Bc5+
21. Kc4 Bxa3+ 22. Kd4 Bc5+ 23. Kc4 Be3+ 24. Kb4 Bxf4 25. Re1 Bg5 26. Nf3 Be7+
27. Ka5 Rc6 28. Nd4 Ra6+ 29. Kb5 Bd3# 0-1

[Event "AUTO-OPEN-4096"]
[Site "http://www.queenalice.com/game.php?id=1584480"]
[Date "2019.9.24"]
[Round "1"]
[White "luisclaumann"]
[Black "askasl159"]
[Result "1-0"]
[WhiteElo "2381"]
[BlackElo "1690"]

1. g3 e5 2. c4 c6 3. d4 e4 4. d5 cxd5 5. cxd5 Bb4+ 6. Bd2 Bxd2+ 7. Nxd2 Nf6 8.
Bg2 Qe7 9. Qc2 Nxd5 10. Qxc8+ Qd8 11. Qxd8+ Kxd8 12. Bxe4 Nc6 13. Bxd5 Kc7 14.
Bxf7 1-0

[Event "AUTO-OPEN-4096"]
[Site "http://www.queenalice.com/game.php?id=1584503"]
[Date "2019.9.24"]
[Round "1"]
[White "luisclaumann"]
[Black "AdrianaSP"]
[Result "1-0"]
[WhiteElo "2377"]
[BlackElo "2118"]

1. g4 e5 2. h4 d5 3. e3 d4 4. exd4 exd4 5. Bg2 Nf6 6. g5 Ng4 7. Qe2+ Qe7 8. Na3
Ne5 9. f4 Ng6 10. d3 Kd8 11. h5 Qb4+ 12. Kf2 Nxf4 13. Bxf4 Qxb2 14. Qe5 Na6 15.
Nc4 Qxa1 16. Qd5+ Bd6 17. Bxd6 cxd6 18. Qxd6+ Ke8 19. Ne2 Qxa2 20. Nxd4 Nc7 21.
Re1+ Ne6 22. Nf5 Qxc2+ 23. Kg1 Qxc4 24. Nxg7# 1-0

[Event "AUTO-OPEN-4096"]
[Site "http://www.queenalice.com/game.php?id=1584504"]
[Date "2019.9.24"]
[Round "1"]
[White "AdrianaSP"]
[Black "luisclaumann"]
[Result "0-1"]
[WhiteElo "2014"]
[BlackElo "2382"]

1. e4 b6 2. Qf3 Nc6 3. Nc3 Bb7 4. Nge2 Nb4 5. Nd4 e5 6. a3 exd4 7. axb4 dxc3 8.
dxc3 Nf6 9. Bg5 a5 10. bxa5 bxa5 11. Bd3 h6 12. Bh4 Be7 13. O-O O-O 14. Bg3 d6
15. Ra4 Bc6 16. Raa1 Qb8 17. Rab1 Qb7 18. Rfe1 a4 19. Qe2 Rfb8 20. e5 dxe5 21.
Bxe5 a3 22. Qf1 a2 23. Ra1 Qxb2 24. Bxc7 Re8 25. Be5 Bc5 26. Bxf6 Rxe1 27. Qxe1
gxf6 28. Kf1 Bd6 29. Bc4 Bxh2 30. g3 Re8 31. Qc1 Qb7 32. f3 Bxf3 0-1

[Event "AUTO-OPEN-4096"]
[Site "http://www.queenalice.com/game.php?id=1584505"]
[Date "2019.9.24"]
[Round "1"]
[White "luisclaumann"]
[Black "stevenKing"]
[Result "1-0"]
[WhiteElo "2385"]
[BlackElo "1900"]

1. Nc3 e5 2. e4 Nf6 3. Nf3 Nc6 4. Bb5 Bb4 5. O-O O-O 6. Bxc6 dxc6 7. d3 Qe7 8.
Ne2 Bg4 9. Ng3 Nh5 10. Nf5 Bxf5 11. exf5 Rfe8 12. a3 Bc5 13. Bg5 f6 14. Bd2 Qf7
15. Re1 Rad8 16. b4 Bd6 17. Re4 Nf4 18. g3 Nd5 19. c4 1-0

[Event "AUTO-OPEN-4096"]
[Site "http://www.queenalice.com/game.php?id=1584506"]
[Date "2019.9.24"]
[Round "1"]
[White "stevenKing"]
[Black "luisclaumann"]
[Result "0-1"]
[WhiteElo "1902"]
[BlackElo "2384"]

1. e4 c5 2. Nf3 e6 3. d4 cxd4 4. Nxd4 Nf6 5. Nc3 Nc6 6. Ndb5 d6 7. Bf4 e5 8. Bg5
a6 9. Na3 b5 10. Bxf6 gxf6 11. Nd5 f5 12. Bd3 Be6 13. O-O Bg7 14. Qh5 f4 15.
Rfd1 O-O 16. c3 Ne7 17. c4 h6 18. cxb5 Bxd5 0-1

[Event "No digas quizás"]
[Site "http://www.queenalice.com/game.php?id=1588043"]
[Date "2019.10.27"]
[Round "-"]
[White "modestyblase"]
[Black "luisclaumann"]
[Result "1/2-1/2"]
[WhiteElo "2412"]
[BlackElo "2408"]

1. d4 Nf6 2. c4 e6 3. Nf3 d5 4. Nc3 Be7 5. Bf4 O-O 6. a3 Nbd7 7. Nb5 Ne8 8. cxd5
exd5 9. e3 c6 10. Nc3 Ndf6 11. Bd3 Nd6 12. Qc2 g6 13. h3 Nfe4 14. O-O Bf5 15.
Bxd6 Nxd6 16. Bxf5 Nxf5 17. Rfe1 Bf6 18. Rad1 Re8 19. e4 dxe4 20. Nxe4 Bg7 21.
Qb3 Qc7 22. d5 cxd5 23. Rxd5 Rad8 24. Qd3 Ne7 25. Rxd8 Rxd8 26. Qb5 Nf5 27. Nc3
Bxc3 28. bxc3 b6 29. Nd4 Nxd4 30. cxd4 Kg7 31. Rd1 Qc2 32. Qd3 Qxd3 33. Rxd3 Kf6
34. Kf1 Rd5 35. Ke2 Ke6 36. g4 Rb5 37. Rc3 Rb2+ 38. Ke3 h6 39. h4 Ra2 40. h5
gxh5 41. gxh5 Kd5 42. f3 Kd6 43. Rb3 1/2-1/2

[Event "Prego de Aço"]
[Site "http://www.queenalice.com/game.php?id=1588044"]
[Date "2019.10.27"]
[Round "-"]
[White "luisclaumann"]
[Black "modestyblase"]
[Result "1-0"]
[WhiteElo "2399"]
[BlackElo "2420"]

1. d4 d5 2. c3 c5 3. Nf3 Nf6 4. Bf4 Qb6 5. Qb3 Nc6 6. dxc5 Qxc5 7. Nbd2 Nh5 8.
Bc7 e6 9. e4 Bd6 10. Bxd6 Qxd6 11. Bb5 O-O 12. O-O Nf4 13. g3 Ng6 14. Rfe1 Rd8
15. Rad1 a6 16. Bf1 b5 17. exd5 exd5 18. Ne4 Qc7 19. Rxd5 Be6 20. Rxd8+ Rxd8 21.
Qa3 Nge5 22. Nh4 Qb6 23. Qc5 Qc7 24. b3 h6 25. Qe3 Ng4 26. Qe2 Nge5 27. Nc5 Bc8
28. Bg2 Re8 29. Ne4 Re7 30. Qd1 Rd7 31. Qe2 Re7 32. Qd2 Rd7 33. Qe3 Qd8 34. h3
b4 35. f4 Nd3 36. Re2 Ne7 37. cxb4 Nxb4 38. Nc5 Rd1+ 39. Kh2 Kf8 40. Nf3 a5 41.
Ne5 Nf5 42. Qe4 Kg8 43. Nc4 1-0

[Event "AUTO-ELITE-2142"]
[Site "http://www.queenalice.com/game.php?id=1605207"]
[Date "2020.3.31"]
[Round "2"]
[White "luisclaumann"]
[Black "Sexxy_Bunny"]
[Result "0-1"]
[WhiteElo "2415"]
[BlackElo "2741"]

1. d4 Nf6 2. c4 e6 3. Nf3 d5 4. Nc3 c6 5. e3 Nbd7 6. h3 a6 7. c5 e5 8. Qc2 Qe7
9. Be2 g6 10. b4 Bg7 11. O-O O-O 12. dxe5 Nxe5 13. Bb2 Bf5 14. Qb3 Nxf3+ 15.
Bxf3 Nd7 16. Na4 Ne5 17. Be2 Qh4 18. Nb6 Rae8 19. f4 Nd3 20. Bxg7 Rxe3 21. Bxd3
Bxd3 22. Qb2 Re2 23. Qd4 Be4 24. Rf2 Qxf2+ 25. Qxf2 Rxf2 26. Kxf2 Kxg7 27. g4 h6
28. Re1 f5 29. gxf5 Rxf5 30. Kg3 g5 31. fxg5 Rxg5+ 32. Kh4 Rg2 33. Nc8 Kf6 34.
Nd6 Bc2 35. Nxb7 d4 36. Rf1+ Ke5 37. Na5 Ba4 38. Nc4+ Ke4 39. Nd6+ Ke3 40. Nc4+
Kd3 41. Ne5+ Kc3 42. a3 Bb5 43. Rf3+ d3 44. a4 Bc4 45. Rf4 Bd5 46. Nxd3 Kxd3 47.
Kh5 Rh2 48. Kg4 Be6+ 0-1

[Event "AUTO-ELITE-2142"]
[Site "http://www.queenalice.com/game.php?id=1605208"]
[Date "2020.3.31"]
[Round "2"]
[White "Sexxy_Bunny"]
[Black "luisclaumann"]
[Result "1/2-1/2"]
[WhiteElo "2752"]
[BlackElo "2408"]

1. e4 d5 2. exd5 Nf6 3. d4 Nxd5 4. Nf3 e6 5. Nc3 Nxc3 6. bxc3 c5 7. Bd3 cxd4 8.
Nxd4 Nd7 9. O-O Nc5 10. Bf4 a6 11. Qg4 Nxd3 12. cxd3 Qf6 13. Rfe1 Be7 14. Be5
Qg6 15. Qxg6 hxg6 16. Bxg7 Rh5 17. Be5 f6 18. Bc7 Rc5 19. Bb6 Rxc3 20. Nxe6 Bxe6
21. Rxe6 Kf7 22. Re3 Rac8 23. g4 R8c6 24. Rae1 Bb4 25. Ba7 Rc2 26. R1e2 b5 27.
h4 Rc7 28. Bb6 R7c3 29. d4 Rxe2 30. Rxe2 Rh3 31. Kg2 Rxh4 32. Kf3 Rh3+ 33. Ke4
Ke6 34. d5+ Kd6 35. Be3 Bc3 36. Bf4+ Kd7 37. Re3 Rxe3+ 38. fxe3 a5 39. Kd3 Be5
40. Bxe5 fxe5 41. g5 Ke7 1/2-1/2

[Event "AUTO-ELITE-2132"]
[Site "http://www.queenalice.com/game.php?id=1641952"]
[Date "2021.1.30"]
[Round "2"]
[White "caboclo"]
[Black "luisclaumann"]
[Result "1-0"]
[WhiteElo "2651"]
[BlackElo "2371"]

1. e4 d5 2. exd5 Nf6 3. d4 Nxd5 4. Nf3 e6 5. c4 Nf6 6. Nc3 c5 7. Be3 cxd4 8.
Nxd4 a6 9. Be2 Qc7 10. O-O Be7 11. Qc1 O-O 12. Rd1 1-0

[Event "AUTO-ELITE-2132"]
[Site "http://www.queenalice.com/game.php?id=1641953"]
[Date "2021.1.30"]
[Round "2"]
[White "luisclaumann"]
[Black "caboclo"]
[Result "0-1"]
[WhiteElo "2375"]
[BlackElo "2648"]

1. d4 Nf6 2. c4 e6 3. Nf3 d5 4. Nc3 Be7 5. Bf4 O-O 6. e3 Nbd7 7. c5 c6 8. Bd3 b6
9. b4 a5 10. a3 Ba6 11. O-O Qc8 0-1

[Event "AUTO-OPEN-4096"]
[Site "http://www.queenalice.com/game.php?id=1791963"]
[Date "2022.7.5"]
[Round "2"]
[White "zubarev"]
[Black "luisclaumann"]
[Result "0-1"]
[WhiteElo "1712"]
[BlackElo "2367"]

1. d4 d5 2. Nc3 Nc6 3. Nf3 e6 4. e3 Nf6 5. Bb5 Bd6 6. O-O O-O 7. Bd2 Bd7 8. a3
a6 9. Bd3 e5 10. dxe5 Nxe5 11. Nxe5 Bxe5 12. f4 Bd6 13. Qf3 Bc6 14. Qg3 Bc5 15.
Rae1 Re8 16. Kh1 Qe7 17. Qh4 a5 18. Ne2 Ne4 19. Qxe7 Rxe7 20. Bc1 Rae8 21. Ng3
Nxg3+ 22. hxg3 d4 23. e4 Bxe4 24. Bd2 a4 25. Bc4 Bxc2 26. Rxe7 Bxe7 27. f5 Bf6
28. g4 h6 29. Kh2 d3 30. Bb5 c6 31. Bc4 b5 32. Ba2 Bxb2 33. Bb4 c5 34. Bd2 Re2
35. Ba5 Bxa3 0-1

[Event "AUTO-OPEN-4096"]
[Site "http://www.queenalice.com/game.php?id=1791964"]
[Date "2022.7.5"]
[Round "2"]
[White "luisclaumann"]
[Black "zubarev"]
[Result "1-0"]
[WhiteElo "2368"]
[BlackElo "1687"]

1. e4 e5 2. Nc3 Nf6 3. Bc4 Be7 4. Nf3 d6 5. d4 Nbd7 6. O-O Nb6 7. Bd3 Bg4 8.
dxe5 dxe5 9. h3 Bh5 10. g4 Bg6 11. Nxe5 O-O 12. f4 h6 13. Nxg6 fxg6 14. e5 Nfd5
15. Nxd5 Qxd5 16. Bxg6 Qc5+ 17. Kh2 Bh4 18. Qe2 Nd5 19. Bd3 Nb4 20. Be4 c6 21.
g5 hxg5 22. Qh5 Rf7 23. Qh7+ Kf8 24. Qh8+ Ke7 25. Qxa8 Qb5 26. c4 Qxc4 27. Qxb7+
Kf8 28. Qb8+ Ke7 29. Qd6+ Ke8 30. e6 Qxe4 31. exf7+ Kxf7 32. fxg5+ Kg8 33. Rf8+
Kh7 34. g6+ Qxg6 35. Rh8+ Kxh8 36. Qxg6 Bg5 37. Bxg5 Nxa2 38. Rd1 1-0

[Event "AUTO-OPEN-4096"]
[Site "http://www.queenalice.com/game.php?id=1796891"]
[Date "2022.9.26"]
[Round "3"]
[White "Artking"]
[Black "luisclaumann"]
[Result "0-1"]
[WhiteElo "2022"]
[BlackElo "2369"]

1. e4 c5 2. Nf3 Nc6 3. d4 cxd4 4. Nxd4 Nf6 5. Nc3 e6 6. a3 Be7 7. Bc4 O-O 8. Be3
Nxe4 9. Nxc6 bxc6 10. Nxe4 d5 11. Bd3 dxe4 12. Bxe4 Qc7 13. Qf3 Rb8 14. b4 Bb7
15. c4 f5 16. Bc2 c5 17. b5 Bxf3 18. gxf3 f4 0-1

[Event "AUTO-OPEN-4096"]
[Site "http://www.queenalice.com/game.php?id=1796892"]
[Date "2022.9.26"]
[Round "3"]
[White "luisclaumann"]
[Black "Artking"]
[Result "1-0"]
[WhiteElo "2371"]
[BlackElo "2031"]

1. e4 c5 2. Nf3 d6 3. d4 cxd4 4. Qxd4 Nc6 5. Qe3 Nf6 6. Be2 g6 7. O-O Bg7 8. Nc3
O-O 9. Rd1 Ng4 10. Qf4 Nce5 11. h3 Nxf3+ 12. Qxf3 Ne5 13. Qg3 Be6 14. Nd5 Nc6
15. c3 Rc8 16. h4 h5 17. Nf4 Ne5 18. Nxe6 fxe6 19. f4 Nd7 20. Qxg6 Qb6+ 21. Kh2
Nf6 22. Rd3 1-0